Correctly Spelled Island Countries - Sudden Death - Statistics

General Stats
  • This quiz has been taken 59 times
  • The average score is 17 of 24
Answers on the Grid
Answers color-coded by a green-red scale on the quiz's grid according to % correct below.
Antigua and Bermuda
Bahamas
Bahrain
Barbadas
Brunie
Cape Verde
Komoros
Cuba
Cyprus
Dominicka
Dominican Republic
East Timor
Fiji
Granada
Haite
Iceland
Indoenesia
Ireland
Jamaica
Japan
Kiribaiti
Madagascar
Maldeves
Malta
Marshal Islands
Mauritious
F. S. Miconesia
Nuaru
New Zealand
Palau
Papa New Guinea
Phillippines
Saint Kitts and Knevis
Saint Lucia
Saint Vincent and the
Grenadines
Samoa
São Tomé and Príncipe
Saychelles
Singapoor
Solomon Islands
Sri Lanka
Thaiwan
Tonga
Trindidad and Tobago
Tubalu
United Kindom
Vanuatu
 
Answer Stats
Answer % Correct
Bahamas
93%
Iceland
93%
Cuba
88%
Cape Verde
85%
Cyprus
85%
Jamaica
85%
Japan
85%
East Timor
83%
Fiji
83%
Bahrain
80%
Ireland
80%
Malta
80%
Madagascar
78%
Dominican Republic
76%
New Zealand
59%
Tonga
59%
Saint Lucia
56%
Solomon Islands
56%
Palau
54%
Samoa
51%
São Tomé and Príncipe
51%
Sri Lanka
51%
Vanuatu
51%
Saint Vincent and the
Grenadines
46%
No matching quizzes found
Score Distribution
Percent of People with Each Score
Percentile by Number Answered
Your Score History
You have not taken this quiz